000 00411nam a2200169Ia 4500
005 20250423100607.0
008 250422s9999 xx 000 0 und d
020 _a978-0-8400-6807-1
050 _aQA 331.3 .B394/
100 _aBarnett, Raymond A.
245 0 _aPrecalculus : graphs and models
260 _aMassachusetts
260 _bBooks / Cole
260 _c2005
650 _aCalculus
942 _cBK
999 _c33774
_d33774